What's The Best Major For Each Ivy? - Statistics

General Stats
  • This quiz has been taken 14 times
  • The average score is 5 of 8
Answer Stats
Hint Extra Hint Answer % Correct
University of Pennsylvania Money Business, Finace
100%
Brown Creativity Arts, Writing
75%
Columbia Speaking, Way of Life, Mind Language, Religion, Psychology
75%
Harvard Politics, Building, Way of Life Government, Engineering, Philosophy
63%
Dartmouth Arts Liberal Arts
63%
Cornell Money, Entertainment Business, Hospitality
50%
Princeton Calculator, Science Mathematics, Physics
50%
Yale Information Arts ,Books Graphic Design, Literature
38%
No matching quizzes found
Score Distribution
Percent of People with Each Score
Percentile by Number Answered
Your Score History
You have not taken this quiz